| 000 | 00443nam a22001697a 4500 | ||
|---|---|---|---|
| 005 | 20251218162259.0 | ||
| 008 | 251218b |||||||| |||| 00| 0 eng d | ||
| 020 | _a978-93-91211-66-0 | ||
| 100 | _aSAXENA, POONAM PRADHAN | ||
| 245 | _aFAMILY LAW II | ||
| 250 | _a5TH ED | ||
| 260 |
_aHARYANA, INDIA _bLEXISNEXIS _c2022 |
||
| 300 | _aLXXVI, 646P. | ||
| 500 | _aINCLUDES SUBJECT INDEX | ||
| 650 | _a1. FAMILY LAW -INDIA | ||
| 942 |
_2lcc _cBK |
||
| 999 |
_c216363 _d216363 |
||